Latijn is Stampen - lyrics quiz - Statistieken

Algemene statistieken
  • Deze quiz is 22 keer genomen
  • De gemiddelde score is 80 van 121
Antwoordstatistieken
Lyrics % Correct
O
100%
S
100%
T
100%
MUS
94%
NT
94%
TIS
94%
is
83%
Latijn
83%
stampen
83%
Aqua
17%
jongelui
17%
nieuwe
17%
Oké
17%
stof
17%
Water
17%
water
17%
Mater
6%
moeder
6%
vader
6%
broeder
0%
Cibus
0%
Eten
0%
eten
0%
Frater
0%
later
0%
Pater
0%
Postea
0%
Scire
0%
Sorror
0%
Stil
0%
weten
0%
zuster
0%
Geen overeenkomende quizzen gevonden
Scoreverdeling
Procent van Mensen met Elke Score
Percentiel versus Aantal Correcte Antwoorden
Uw Scoregeschiedenis
U heeft deze quiz nog niet genomen